| 000 | 00330nam a2200121Ia 4500 | ||
|---|---|---|---|
| 008 | 220120s9999||||xx |||||||||||||| ||und|| | ||
| 082 | _a670 | ||
| 100 | _aPraveen, Ke oor and Ramesh, M R | ||
| 245 | 0 | _aManufacturing process II | |
| 260 |
_aSuggi publication _bDhavanagere _c2012 |
||
| 300 |
_aVI, 330p. _b210 |
||
| 650 | _aMECHANICAL | ||
| 999 |
_c133013 _d133013 |
||